Los rojos no usaban sombrero : anecdotario menudo de la posguerra /

Na minha lista:
Detalhes bibliográficos
Autor principal: Vizcaíno Casas, Fernando (autor)
Formato: Livro
Idioma:espanhol
Publicado em: Barcelona, España : Planeta, 1996, c1996
Edição:2a edición
Assuntos:
Tags: Adicionar Tag
Sem tags, seja o primeiro a adicionar uma tag!

MARC

LEADER 00000nam^a2200000^a^4500
001 000184583
005 20250521000000.0
009 20260310102119.701
022 |a 84-08-0186-X 
037 |a Acervo ITESO - Biblioteca 
041 |a ESP 
082 |a 863.  |b VIZ 
100 |a Vizcaíno Casas, Fernando  |e (autor) 
245 1 4 |a Los rojos no usaban sombrero :  |b anecdotario menudo de la posguerra /  |c F. Vizcaíno Casas. 
250 |a 2a edición 
264 4 |a Barcelona, España :  |b Planeta,  |c 1996, c1996 
300 |a 232 p. 
336 |a texto  |b txt  |2 rdacontenido 
337 |a sin mediación  |b n  |2 rdamedio 
338 |a volumen  |b nc  |2 rdasoporte 
649 |a XX 
650 |a Crónicas Españolas 
650 |a Literatura Española -  |y Siglo XX 
650 |a Literatura e Historia -  |z España 
650 |a Vida Cotidiana -  |z España -  |x Historia -  |y Franquismo, 1939-1975 
650 |a España -  |x Historia -  |y Franquismo, 1939-1975 
910 |a Fondo General 
920 |a Impresos - Libros 
930 |a Colección General 
940 |a Literatura 
905 |a 101 
901 |a 0500125490  |b IT1  |c LIT  |u 20250521 
902 |a https://opac.biblio.iteso.mx/vufind/Record/000184583